Paving the way: How we achieve, clean, safe and attractive streets (Record no. 18402)

MARC details
000 -LEADER
fixed length control field 00466nam a2200169Ia 4500
008 - FIXED-LENGTH DATA ELEMENTS--GENERAL INFORMATION
fixed length control field 230917s9999||||xx |||||||||||||| ||und||
020 ## - ISBN
Price GBP35
040 ## - CATALOGING SOURCE
-- 232592
Original cataloging agency VIVEKANANDA LIBRARY
041 ## - Language
-- English
082 ## - DDC NUMBER
Classification number 625.7 G978P
100 ## - MAIN ENTRY--PERSONAL NAME
Personal name Great Britain
245 #0 - TITLE STATEMENT
Title Paving the way: How we achieve, clean, safe and attractive streets
260 ## - PUBLICATION, DISTRIBUTION, ETC. (IMPRINT)
Place of publication, distribution, etc London
Name of publisher, distributor, etc Cabe
Date of publication, distribution, etc 2002
300 ## - PHYSICAL DESCRIPTION
Pages 111 p.
500 ## - GENERAL NOTE
General note 2302 15/03/2016 IBS15/368 15/03/2016 Main Budget
942 ## - ADDED ENTRY ELEMENTS (KOHA)
Koha item type Books
Holdings
Withdrawn status Lost status Damaged status Not for loan Location (home branch) Sublocation or collection (holding branch) Shelving location Date acquired Koha issues (times borrowed) Koha full call number Accession No. Koha date last seen Koha item type
        VIVEKANANDA LIBRARY VIVEKANANDA LIBRARY UIET Library 31/03/2016   625.7 G978P 352498 17/09/2023 Books
        VIVEKANANDA LIBRARY VIVEKANANDA LIBRARY UIET Library 31/03/2016   625.7 G978P 352499 17/09/2023 Books
        VIVEKANANDA LIBRARY VIVEKANANDA LIBRARY UIET Library 31/03/2016   625.7 G978P 352500 17/09/2023 Books
        VIVEKANANDA LIBRARY VIVEKANANDA LIBRARY UIET Library 31/03/2016   625.7 G978P 352501 17/09/2023 Books
© Designed and Maintained by Vivekananda Library, MDU Rohtak